00405nam a2200133Ia 4500008004000000020001800040082001700058100002400075245007500099250000500174260004400179300001000223650003800233210210b2000 xxu||||| |||| 00| 0 eng d a81 7515 323 7 a378.002 BLEB aBLEIFELD (Maurice). aBaron's how to prepare for the SAT II: biology and biology E/M. Ed 12. a aNew Delhi.bGalgotia Publishers.,c2000 av,394 aSAT II Biology SAT SAT biology